Sports Quiz

Random Sports or NFL Quiz

NFL Starting QBs (New York Jets) Quiz Stats

 Plays Quiz Updated Jan 4, 2021

Support Sporcle.
Go Orange.
Score 0/19 Timer 04:00
4 Plays Today
Starts Player % Correct
30Geno Smith
82.1%
61Chad Pennington
81.9%
48Vinny Testaverde
74.5%
38Sam Darnold
71.7%
27Ryan Fitzpatrick
69.1%
16Brett Favre
66.7%
62Mark Sanchez
64.6%
16Josh McCown
55.2%
9Kellen Clemens
44.1%
3Michael Vick
39.2%
Starts Player % Correct
7Bryce Petty
38.9%
4Joe Flacco
29.5%
9Ray Lucas
24.1%
1Greg McElroy
23.4%
2Luke Falk
21.4%
9Brooks Bollinger
20.9%
1Trevor Siemian
20%
3Quincy Carter
17.5%
6Rick Mirer
11.3%

From the Vault

Remove Ads.
Support Sporcle.
Get the best of Sporcle when you Go Orange. This ad-free experience offers more features, more stats, and more fun while also helping to support Sporcle. Thank you for becoming a member.

Show Comments

Extras

Top Quizzes Today


Score Distribution

Your Account Isn't Verified!

In order to create a playlist on Sporcle, you need to verify the email address you used during registration. Go to your Sporcle Settings to finish the process.

Report this User

Report this user for behavior that violates our Community Guidelines.

Details: